O teórii jazykovej kultúry

Bibliographic Details
Main Authors: Horecký, Ján, 1920-2006 (Author), Kráľ, Ábel, 1932-2023 (Author), Rýzková, Anna, 1936-2015 (Author)
Format: Article
Language:Slovak
Subjects:

MARC

LEADER 00000nab a2200000 a 4500
001 vtls000413621
003 SK-MaSNL
005 20260303200219.0
008 230223c1990 xo 0 slo
015 |a SNBRB19rr/mm-uuuuu 
035 |a CL0413746 
035 |a urn:nbn:sk:snk-ab9ut 
035 |a (urnnbn)urn:nbn:sk:snk:ar-a03w7e 
035 |a (uuid)e6c8c188-d635-4d8c-baa5-a1d3b8e0d57c 
040 |a SNKBUCL  |b slo  |c SNKBUCL  |e AACR2 
041 0 |a slo 
044 |a xo  |c SK 
080 |a 800.6:371.671  |2 1981 
080 |a 371.671  |2 1981 
100 1 |a Horecký, Ján,  |d 1920-2006  |4 aut  |9 105131 
245 1 0 |a O teórii jazykovej kultúry  |c Ján Horecký 
650 0 7 |a jazyk  |2 snkbucl  |9 22980 
650 0 7 |a jazyková kultúra  |2 snkbucl  |9 1395 
655 7 |a články z novín a časopisov  |2 snkbucl  |9 267496 
700 1 |a Kráľ, Ábel,  |d 1932-2023  |4 aut  |9 201314 
700 1 |a Rýzková, Anna,  |d 1936-2015  |4 aut  |9 85965 
773 0 |t Otázky žurnalistiky  |g Roč. 33, č. 4 (1990), s. 49-50 
787 0 8 |i Rec.:  |a Kráľ, A., Rýzková, A.  |t Základy jazykovej kultúry  |d Bratislava : SPN, 1990 
850 |a Slovenská národná knižnica v Martine  |a MTA001 
852 |a SNK  |b KIS3GCP 
954 |a odborná, vedecká literatúra pôvodná (slovenská)  |2 lita 
958 |a RK 
958 |a OND 
958 |a EUIPO 
958 |a article27 
992 |a RBX 
999 |c 2167138  |d 2169068